<?xml version="1.0" encoding="UTF-8"?>
<collection xmlns="http://www.loc.gov/MARC21/slim">
 <record>
  <leader>01541nam a2200205Ia 4500</leader>
  <controlfield tag="001">CTU_91704</controlfield>
  <controlfield tag="008">210402s9999    xx            000 0 und d</controlfield>
  <datafield tag="020" ind1=" " ind2=" ">
   <subfield code="c">25000</subfield>
  </datafield>
  <datafield tag="082" ind1=" " ind2=" ">
   <subfield code="a">004.69</subfield>
  </datafield>
  <datafield tag="082" ind1=" " ind2=" ">
   <subfield code="b">N104</subfield>
  </datafield>
  <datafield tag="100" ind1=" " ind2=" ">
   <subfield code="a">Trịnh, Lê Nam</subfield>
  </datafield>
  <datafield tag="245" ind1=" " ind2="0">
   <subfield code="a">Thương mại điện tử cho doanh nghiệp</subfield>
  </datafield>
  <datafield tag="245" ind1=" " ind2="0">
   <subfield code="c">Trịnh Lê Nam, Nguyễn Phúc Trường Sinh</subfield>
  </datafield>
  <datafield tag="260" ind1=" " ind2=" ">
   <subfield code="a">Hà Nội</subfield>
  </datafield>
  <datafield tag="260" ind1=" " ind2=" ">
   <subfield code="b">Khoa học kỹ thuật</subfield>
  </datafield>
  <datafield tag="260" ind1=" " ind2=" ">
   <subfield code="c">2001</subfield>
  </datafield>
  <datafield tag="520" ind1=" " ind2=" ">
   <subfield code="a">Thương Mại Điện Tử Cho Doanh Nghiệp là bức tranh toàn cảnh về Thương Mại Điện Tử. Để đọc nó, bạn chẳng cần phải biết nhiều như một chuyên gia tin học ngoài vài khái niệm sơ đẳng về WEB mà ai dùng Internet cũng biết như Website, Webpage, URL, e-mail...Thương Mại Điện Tử Cho Doanh Nghiệp sẽ rất bổ ích cho các chủ doanh nghiệp khao khát đưa doanh nghiệp của mình vươn tầm ra thế giới. Thương Mại Điện Tử Cho Doanh Nghiệp cũng cần thiết cho các chuyên viên kỹ thuật khi khảo sát lập các dự án Thương Mại Điện Tử, và nó cũng tốt cho tất cả những ai muốn quan tâm tìm hiểu tổng quan Thương Mại Điện Tử là gì.</subfield>
  </datafield>
  <datafield tag="650" ind1=" " ind2=" ">
   <subfield code="a">Computer network esources,Electronic commerce</subfield>
  </datafield>
  <datafield tag="904" ind1=" " ind2=" ">
   <subfield code="i">Nguyên</subfield>
  </datafield>
  <datafield tag="980" ind1=" " ind2=" ">
   <subfield code="a">Trung tâm Học liệu Trường Đại học Cần Thơ</subfield>
  </datafield>
 </record>
</collection>
